Le Moyen Âge au cinéma : Panorama historique et artistique (notice n° 1925223)
[ vue normale ]
| 000 -LEADER | |
|---|---|
| fixed length control field | 01257cam a2200133 4500500 |
| 005 - DATE AND TIME OF LATEST TRANSACTION | |
| control field | 20260329023153.0 |
| 041 ## - LANGUAGE CODE | |
| Language code of text/sound track or separate title | fre |
| 042 ## - AUTHENTICATION CODE | |
| Authentication code | dc |
| 100 10 - MAIN ENTRY--PERSONAL NAME | |
| Personal name | Amy de la Bretèque, François |
| Relator term | author |
| 245 00 - TITLE STATEMENT | |
| Title | Le Moyen Âge au cinéma : Panorama historique et artistique |
| 260 ## - PUBLICATION, DISTRIBUTION, ETC. | |
| Name of publisher, distributor, etc. | Armand Colin,<br/> |
| Date of publication, distribution, etc. | 2015.<br/> |
| 520 ## - SUMMARY, ETC. | |
| Summary, etc. | Le Moyen Âge nous a légué un réservoir de récits, un trésor d’anecdotes et de situations, une galerie de personnages et un répertoire de motifs et de situations visuelles propices à la création cinématographique.De Jeanne d’Arc de Georges Méliès au Nom de la Rose de Jean-Jacques Annaud, en passant par Robin des Bois de Alan Dwan et Kingdom of heaven de Ridley Scott, cet ouvrage dresse un vaste panorama du cinéma d’inspiration médiévale ou dont l’action se situe explicitement au Moyen Âge : un Moyen Âge vulgarisé, revisité, hérité et transmis par une longue chaîne d’œuvres et de représentations qui ont évolué tout au long du vingtième siècle. Plus de 100 ans de cinéma qui nous renseignent moins sur cette période phare de notre histoire que sur notre propre identité. |
| 856 41 - ELECTRONIC LOCATION AND ACCESS | |
| Uniform Resource Identifier | <a href="https://shs.cairn.info/le-moyen-age-au-cinema--9782200286378?lang=fr&redirect-ssocas=7080">https://shs.cairn.info/le-moyen-age-au-cinema--9782200286378?lang=fr&redirect-ssocas=7080</a> |
Pas d'exemplaire disponible.




Réseaux sociaux